Statistics for England Squad 2002 World Cup

Click here to take the quiz!

General Stats

  • This quiz has been taken 2,440 times
  • The average score is 14 of 24

Answer Stats

HintAnswer% Correct
GKArsenalDavid Seaman
93%
FWLiverpoolMichael Owen
91%
MFMan UtdDavid Beckham
88%
MFMan UtdPaul Scholes
88%
DFLeedsRio Ferdinand
88%
DFArsenalAshley Cole
81%
MFWest HamJoe Cole
80%
MFBayernOwen Hargreaves
75%
DFArsenalSol Campbell
75%
FWLiverpoolEmile Heskey
71%
GKWest HamDavid James
61%
MFMan UtdNicky Butt
58%
FWLeedsRobbie Fowler
55%
FWTottenhamTeddy Sheringham
53%
DFArsenalMartin Keown
50%
DFMiddlesbroughGareth Southgate
44%
GKLeedsNigel Martyn
43%
DFLeedsDanny Mills
40%
CoachSven-Göran Eriksson
35%
MFNewcastleKieron Dyer
33%
FWAston VillaDarius Vassell
31%
DFMan UtdWes Brown
31%
MFWest HamTrevor Sinclair
25%
DFSouthamptonWayne Bridge
23%

Score Distribution

Percentile by Number Answered

Percent of People with Each Score

Your Score History

You have not taken this quiz